00646nam a2200193Ia 4500952015100000999001700151003000400168005001700172008004100189020001800230040000900248082001800257100002600275245004600301260004200347300000900389650001200398942004200410 00102ddc40708SOCIAL SCIENCEaMESbMEScSOCIAL SCIENCEd2019-02-20g295.00l0o305.52 KOT/Cp34715r2019-02-20 00:00:00w2019-02-20yBKzGL41R2 c21362d21362OSt20200131115511.0190216s9999||||xx |||||||||||||| ||und|| a9788125006374 coclc a305.52bKOT/C aKothari, Rajni 91700 0aCaste In Indian Politics /cRajni Kothari bOrient Black Swans,c2008.aHyderbad: a361p aHistory cBK2ddch305.52iKOT/Ck305.52mKOT/C